000 00653nam a2200253Ia 4500
003 OSt
005 20221007110144.0
006 a|||||r|||| 00| 0
007 ta
008 221006b |||||||| |||| 00| 0 eng d
024 _a20,497
037 _cTextual
040 _aLCO
_cLCO
_beng
041 _2eng
_aeng
082 _aZ1,6y7, K8
100 _aMorris J.H.C.
_9690458
245 0 _aCases on Private International Law
250 _a4th
260 _aLondon
_bClarendon Press UK
_c1968
300 _a531
650 _aPRIVATE INTERNATIONAL LAW
942 _hZ1,6y7, K8
_cTEXL
999 _c1190060
_d1190060